000
00424nam a2200145Ia 4500
008
100122s9999 xx 000 0 und d
082
_b
71008
_a
824
100
_a
ठाकूर दिलीप
245
_a
अप्परस्टॉल
260
_b
आमोद प्रकाशन
_c
2006
300
_a
153
630
_a
अप्परस्टॉल
730
_a
अप्परस्टॉल
942
_c
BOOK
999
_c
441694
_d
441691